| 000 | 00943cam a2200265 a 4500 | ||
|---|---|---|---|
| 999 |
_c4503 _d4503 |
||
| 001 | 4819140 | ||
| 003 | OSt | ||
| 005 | 20181206170114.0 | ||
| 008 | 890810s1989 cau b 000 0 eng | ||
| 010 | _a 89039262 | ||
| 020 | _a0830714030 | ||
| 040 |
_aDLC _cDLC _dDLC |
||
| 050 | 0 | 0 |
_aBS1295.4 _b.H39 1989 |
| 082 | 0 | 0 |
_a248.4 _220 _bH33T |
| 100 | 1 | _aHayford, Jack W. | |
| 245 | 1 | 0 |
_aTaking hold of tomorrow : _brealizing God's promise for a bright and hopeful future / _cJack W. Hayford. |
| 260 |
_aVentura, Calif., U.S.A. : _bRegal Books, _cc1989. |
||
| 300 |
_a213 p. ; _c22 cm. |
||
| 504 | _aIncludes bibliographical references. | ||
| 630 | 0 | 0 |
_aBible. _pJoshua _xMeditations. |
| 650 | 0 |
_aHope _xReligious aspects _xChristianity _xMeditations. |
|
| 906 |
_a7 _bcbc _corignew _d1 _eocip _f19 _gy-gencatlg |
||
| 942 |
_2ddc _cBK |
||